000 01143nab a2200241 i 4500
001 BPP
003 BPK
005 20150326134821.0
008 150326s2002 pl | | |000 ||pol
040 _cBPK
080 _a553
100 _aHARABIN, Zdzisław.
_d2000 - 2005.
_bPolitechnika Koszalińska - Wydział Budownictwa i Inżynierii Środowiska,
_cKatedra Techniki Wodno-Mułowej i Utylizacji Odpadów
245 _aDzikie wyrobiska piasku i żwiru w regionie środkowopomorskim /
_cZdzisaw Harabin, Witold Pulkowski, Andrzej Wrona.
260 _c2002.
500 _aDane z Informatora o publikowanych wynikach prac naukowo-badawczych w 2002 Wydziału Budownictwa i Inżynierii Środowiska.
520 _aBezładne (dzikie) usuwanie odpadów bytowo-gospodarczych do wyrobisk pokopalnianych stanowi poważny problem ekologiczny i społeczno-wychowawczy. W regionie środkowopomorskim zidentyfikowano aż 50 wyrobisk zaśmieconych odpadami.
650 0 _aOdpady.
650 0 _aPiasek.
650 0 _aŻwir.
650 0 _aPomorze Zachodnie.
773 _iW :
_tInżynieria Ekologiczna. -
_g2002
942 _cART
_2UKD
999 _c1663
_d1663